The statistical analysis of experimental data (Record no. 2530)

MARC details
000 -LEADER
fixed length control field 00426nam a2200157Ia 4500
003 - CONTROL NUMBER IDENTIFIER
control field IN-BaIIA
008 - FIXED-LENGTH DATA ELEMENTS--GENERAL INFORMATION
fixed length control field 211028s9999 xx 000 0 eng d
040 ## - CATALOGING SOURCE
Transcribing agency IIA Library
080 ## - UNIVERSAL DECIMAL CLASSIFICATION NUMBER
Universal Decimal Classification number 519.2
Item number MAN
100 ## - MAIN ENTRY--PERSONAL NAME
Personal name Mandel, John
9 (RLIN) 4513
245 #4 - TITLE STATEMENT
Title The statistical analysis of experimental data
Statement of responsibility, etc. John Mandel
260 ## - PUBLICATION, DISTRIBUTION, ETC.
Place of publication, distribution, etc. New York
Name of publisher, distributor, etc. Wiley & Sons
Date of publication, distribution, etc. 1964
300 ## - PHYSICAL DESCRIPTION
Extent xi, 410p.
650 ## - SUBJECT ADDED ENTRY--TOPICAL TERM
Topical term or geographic name entry element Statistical analysis.
9 (RLIN) 1599
942 ## - ADDED ENTRY ELEMENTS (KOHA)
Koha item type Books
Holdings
Withdrawn status Lost status Damaged status Not for loan Home library Current library Shelving location Date acquired Cost, normal purchase price Total Checkouts Full call number Barcode Date last seen Cost, replacement price Price effective from Koha item type Purchase Price
        IIA Library-Bangalore IIA Library-Bangalore General Stacks 28/03/1966 54.00   519.2/ MAN 2829 05/11/2021 54.00 28/03/1966 Books Rs. 54.00

Powered by Koha